000 00960nam a2200217 i 4500
001 184282
003 ES-MaACL
005 20250901232443.0
008 150609s1897 sp |||| | spa d
080 _a339(599)
245 0 0 _aInforme remitido por la Cámara de Comercio de Manila á la Comisión permanente de relaciones comerciales de la Unión Ibero-Americana.
260 _a[S.l.] :
_b[s.n.],
_c1897 (
_eMadrid :
_fImp. de Adolfo Ruiz de Castroviejo)
300 _a15 p. ;
_c22 cm.
530 _aDisponible en formato digital.
594 _aPrecede al título: Unión Ibero-Americana.
650 7 _aComercio-
_zFilipinas
_2
_9156980
710 2 _aUnión Ibero-Americana.
_bComisión Permanente de Relaciones Comerciales.
_9156976
852 _aES-MaACL
_jT-810-F-4
_z.- Enc. en un vol. facticio conservando la cub. original
856 _uhttp://bdh-rd.bne.es/viewer.vm?id=0000114947&page=1
_zBiblioteca Digital Hispánica
999 _c184282
_d184282